00534nam a2200181 a 45000010010000000030011000100080041000210350026000620820014000881000017001022450024001192600052001436500019001959420012002149520091002269980020003179990015003370000-9223ELIB.Books110520 1967  a(ELIB.Books)0000-9375 a248 bEve aEvely, Louis aWe are all Brothers bLondon: Burns & Oates/ Herder and Herder c1967 aChristian Life 2ddccBK 00102ddc4070aKBTSbKBTSd2011-05-20l0p10885r2022-01-22 00:00:00w2022-01-22yBK cbate2011-05-20 c9223d9223